El anarquismo en el siglo XX
Spremljeno u:
| Glavni autor: | |
|---|---|
| Format: | Knjiga |
| Jezik: | španjolski |
| Izdano: |
Madrid
Taurus
1979
|
| Serija: | Ensayistias, 180
|
| Teme: | |
| Oznake: |
Dodaj oznaku
Bez oznaka, Budi prvi tko označuje ovaj zapis!
|
MARC
| LEADER | 00000nam a2200000 a 4500 | ||
|---|---|---|---|
| 001 | UCP7270 | ||
| 003 | CL-VaPUC | ||
| 008 | 991209e19790000SP |||||||||||||||||spa|d | ||
| 082 | 0 | 4 | |a 320.57 |b ARV |2 21 |
| 100 | 0 | |a Arvon, Henri |e author |9 436797 | |
| 245 | 1 | 3 | |a El anarquismo en el siglo XX |
| 300 | |a 184 p | ||
| 942 | |c BK | ||
| 945 | |d 19991209 00:00:00 |a crobeson | ||
| 260 | |a Madrid |b Taurus |c 1979 | ||
| 650 | 0 | |a Anarquismo |9 269177 | |
| 650 | 0 | |a Ideologías políticas |9 255735 | |
| 650 | 0 | |a Doctrinas políticas |9 255835 | |
| 650 | 0 | |a Actividades subversivas |9 315237 | |
| 650 | 0 | |a Arte y sociedad |9 306277 | |
| 650 | 0 | |a Sociología política |9 255920 | |
| 650 | 0 | |a Violencia |9 255411 | |
| 583 | |a last modification |c 19991209 00:00:00 |k Rodrigo Vera | ||
| 490 | 0 | |a Ensayistias, 180 | |
| 999 | |c 284577 |d 284575 | ||
| 952 | |0 0 |1 0 |4 0 |6 320_570000000000000_ARV_1979 |7 0 |8 A |9 328686 |a BIBHIS |b BIBHIS |d 2019-11-20 |i 1372440 |l 3 |o 320.57 ARV 1979 |p 1372440 |r 2025-01-20 |s 2024-05-28 |w 2019-11-20 |y BK |k HIS | ||